Detalles MARC
| 000 -LEADER |
| fixed length control field |
01764nam a22002537a 4500 |
| 003 - CONTROL NUMBER IDENTIFIER |
| control field |
OSt |
| 005 - DATE AND TIME OF LATEST TRANSACTION |
| control field |
20200225092418.0 |
| 008 - FIXED-LENGTH DATA ELEMENTS--GENERAL INFORMATION |
| fixed length control field |
200225s2019 ck ao||er|||| 00| 0 spa d |
| 020 ## - INTERNATIONAL STANDARD BOOK NUMBER |
| International Standard Book Number |
9789585487604 |
| 040 ## - CATALOGING SOURCE |
| Original cataloging agency |
CO-JMCR |
| Transcribing agency |
CO-JMCR |
| 041 0# - LANGUAGE CODE |
| Language code of text/sound track or separate title |
spa |
| 082 04 - DEWEY DECIMAL CLASSIFICATION NUMBER |
| Classification number |
782.42166 / |
| Item number |
G216c |
| 100 1# - MAIN ENTRY--PERSONAL NAME |
| Personal name |
García Ángel, Antonio, |
| Relator term |
editor |
| 9 (RLIN) |
809 |
| 245 10 - TITLE STATEMENT |
| Title |
Cancionero de rock al parque / |
| Statement of responsibility, etc. |
[Antonio García Ángel, editor] |
| 250 ## - EDITION STATEMENT |
| Edition statement |
Primera edición |
| 260 ## - PUBLICATION, DISTRIBUTION, ETC. |
| Place of publication, distribution, etc. |
Bogotá : |
| Name of publisher, distributor, etc. |
Alcaldía Mayor de Bogotá ; Instituto Distrital de las Artes Idartes, |
| Date of publication, distribution, etc. |
2019 |
| 300 ## - PHYSICAL DESCRIPTION |
| Extent |
111 páginas : |
| Other physical details |
ilustraciones y fotografías a blanco y negro ; |
| Dimensions |
17 cm. |
| 490 0# - SERIES STATEMENT |
| Series statement |
Libro al viento lateral ; |
| Volume/sequential designation |
141 |
| 504 ## - BIBLIOGRAPHY, ETC. NOTE |
| Bibliography, etc. note |
Bibliografía: página12 |
| 505 0# - FORMATTED CONTENTS NOTE |
| Title |
Cancionero de rock al parque / |
| Statement of responsibility |
Antonio García Ángel |
| Title |
El platanal / |
| Statement of responsibility |
1280 Almas |
| Title |
La Gomela / |
| Statement of responsibility |
Aterciopelados |
| Title |
El rock no te necesita / |
| Statement of responsibility |
Hora Local |
| Title |
El Puente de los Aburridos / |
| Statement of responsibility |
La Derecha |
| Title |
Amor (fábula) / |
| Statement of responsibility |
La Pestilencia |
| Title |
El quieto / |
| Statement of responsibility |
Ultrágeno |
| Title |
El cartucho / |
| Statement of responsibility |
Superlitio |
| Title |
Verdún 1916 / |
| Statement of responsibility |
Neurosis |
| Title |
Ama-zonas |
| Statement of responsibility |
Doctor Krápula |
| Title |
Botín de guerra / |
| Statement of responsibility |
Polikarpa y Sus Viciosas |
| Title |
No importa / |
| Statement of responsibility |
Odio a Botero |
| Title |
El tecno apesta / |
| Statement of responsibility |
Triple X |
| Title |
Bogotá firme / |
| Statement of responsibility |
Pornomotora |
| Title |
Calcetos / |
| Statement of responsibility |
Ciegossordomudos |
| Title |
Opium Street / |
| Statement of responsibility |
Los Elefantes |
| Title |
Calibre 24 / |
| Statement of responsibility |
Morfonia |
| Title |
Legal / |
| Statement of responsibility |
Alerta kamarada |
| Title |
Una cerveza, un amigo y una canción / |
| Statement of responsibility |
La Severa Matacera |
| Title |
Bogotá / |
| Statement of responsibility |
Distrito Especial |
| Title |
Tribulación / |
| Statement of responsibility |
El Sagrado |
| Title |
Cielo adentro / |
| Statement of responsibility |
Alfonso Espriella |
| Title |
Bogotá / |
| Statement of responsibility |
Aguas Ardientes |
| Title |
No me gustan tus patines / |
| Statement of responsibility |
Curupira |
| Title |
Sin mirar atrás / |
| Statement of responsibility |
Carlos Reyes & La Killer band |
| Title |
Al parque / |
| Statement of responsibility |
Aterciopelados |
| 650 14 - SUBJECT ADDED ENTRY--TOPICAL TERM |
| Topical term or geographic name entry element |
Cancionero |
| 9 (RLIN) |
892 |
| 650 14 - SUBJECT ADDED ENTRY--TOPICAL TERM |
| Topical term or geographic name entry element |
Cancionero |
| General subdivision |
Rock al parque |
| 9 (RLIN) |
893 |
| Geographic subdivision |
Bogotá(Colombia) |
| 942 ## - ADDED ENTRY ELEMENTS (KOHA) |
| Source of classification or shelving scheme |
Dewey Decimal Classification |
| Koha item type |
Books |